| 000 | 01247cam a22003377a 4500 | ||
|---|---|---|---|
| 003 | CHAP | ||
| 005 | 20220329143054.0 | ||
| 008 | 971013s1992 us a r 00010 eng d | ||
| 010 | _a91521 | ||
| 011 | _a92493 | ||
| 035 | _a103057 | ||
| 040 | _cCHAP | ||
| 090 | _aFolleto 16850 | ||
| 100 | 0 | 0 |
_aDavis, Donald R. _931257 |
| 245 | 1 | 0 |
_aBiology and systematics of the north american Phyllonorycter leafminers on salicaceae, with a synoptic catalog of the palearctic species (Lepidoptera : Gracillariidae) _c/by Donald R. Davis and Gerfried Deschka |
| 260 |
_aWashington, D.C. : _bSmithsonian Institution, _c2001. |
||
| 300 |
_a89 p. _b: ilus. |
||
| 490 | 0 |
_aSmithsonian contributions to zoology _v; 614 |
|
| 590 |
_aBATCH-UPD _b10 _c20130110 _lUCH01 _h0627 |
||
| 590 |
_aBATCH-UPD _b10 _c20130410 _lUCH01 _h0310 |
||
| 590 |
_aBATCH-UPD _b10 _c20130914 _lUCH01 _h1153 |
||
| 590 |
_aCONVERSION _b10 _c20130109 _lUCH01 _h1351 |
||
| 650 | 1 | 4 |
_aLepidópteros. _966252 |
| 650 | 1 | 4 |
_aPhyllonorycter. _987880 |
| 700 | 0 |
_aDeschka, Gerfried. _932117 |
|
| 830 | 0 |
_aSmithsonian contributions to zoology _v; 614 _9107173 |
|
| 901 | _aBK | ||
| 905 | _aAlejandra Carrasco M. | ||
| 942 | _cFOLL | ||
| 949 |
_aFolleto 16850 _bBC _cFOLL _d33724002002934 _eTS1 _i103057 _sb |
||
| 999 |
_c91521 _d91521 |
||